| 000 | 00797cab a2200193 4500 | ||
|---|---|---|---|
| 001 | L129731 | ||
| 008 | 050516n2005 000 0 eng u | ||
| 035 | _a(Sirsi) u129731 | ||
| 041 | _aeng | ||
| 100 | _aHorton, Karl | ||
| 245 | _aMaterial differences | ||
| 260 | _c2005 | ||
| 490 |
_aQS Week _v4 May 2005, 12-13(2) |
||
| 520 | _aAnalysis of the steel, copper and lead markets. Notes that there has been an upturn in prices over the last two years connected to strong economic growth in the Chinese market. China has many large programmes of construction and is increasing demand for products. With comparison tables covering the last six years. | ||
| 590 | _aIKA190505 | ||
| 690 | _aBUILT ENVIRONMENT-BUILDING MATERIALS-METAL | ||
| 690 | _aBUILT ENVIRONMENT-BUILDING COSTS | ||
| 942 | _n0 | ||
| 999 |
_c75242 _d75242 |
||